| 000 | 01296nam a2200361 c 4500 | ||
|---|---|---|---|
| 001 | 15618 | ||
| 003 | ES-MaCES | ||
| 005 | 20141221122357.0 | ||
| 008 | 030929s2003 sp o000 | spa d | ||
| 017 |
_aM 34985-2003 _bDL |
||
| 020 | _a8496228045 | ||
| 024 | 7 |
_a1134-9670 _2nipo |
|
| 035 | _aCES20030013464m | ||
| 040 |
_aES-MaCES _bspa _cES-MaCES |
||
| 245 | 0 | 3 |
_aLa ejecución provisional, la ejecución de títulos extrajudiciales y la ejecución de sentencias en la nueva Ley de enjuiciamiento civil _cdirector José Manuel Suárez Robledano |
| 260 |
_aMadrid _bConsejo General del Poder Judicial _c2003 |
||
| 300 |
_a296 p. _c22 cm |
||
| 490 | 1 |
_aCuadernos de derecho judicial _v14-2001 |
|
| 504 | _aBibliografía | ||
| 541 | _cGratuito | ||
| 610 | 1 | 4 |
_aEspaña _tLey de enjuiciamiento civil _d2000 _92927 |
| 650 | 4 |
_aaplicación _929859 |
|
| 650 | 4 |
_asentencia judicial _929888 |
|
| 650 | 4 |
_ajurisprudencia _928624 |
|
| 650 | 4 |
_aEspaña _926964 |
|
| 653 | 1 | 0 | _aDerecho civil |
| 700 | 1 |
_aSuárez Robledano, José Manuel _edir. _924541 |
|
| 710 | 1 |
_aEspaña _bConsejo General del Poder Judicial _eed. _92750 |
|
| 830 | 0 |
_aCuadernos de derecho judicial _v14-2001 _932957 |
|
| 902 | _aLIB Libro | ||
| 942 |
_2CES _cBK _h6.0.7. |
||
| 999 |
_c15618 _d15618 |
||